00580nam a2200157Ia 4500008004100000020001800041050002000059100001500079245009400094250001000188260002800198300002000226500006100246650007900307700003600386120721s9999 xx 000 0 und d a970-651-734-0 aHQ743 G778 1995 aGray, John aLos hombres son de marte y las mujeres son de venus / John Gray ; tr. Alejandro Tiscornia a4a ed aMéxico : Oceano, 1995 a324 p. ; 17 cm. aTraducción de: Men are from mars, women are from venus a1. Matrimonio - Aspectos psicológicos 2. Comunicación en el matrimonio aI. Tiscornia, Alejandro, tr.Ì